[Event "TCh-SRB 1st League w 2013"]
[Site "Kragujevac SRB"]
[Date "2013.08.31"]
[Round "8.4"]
[White "Milutinovic,Stef"]
[Black "Eric,J"]
[Result "0-1"]
[WhiteElo "2035"]
[BlackElo "2223"]

1.Nf3 d5 2.c4 d4 3.g3 g6 4.d3 Bg7 5.Bg2 e5 6.O-O Ne7 7.Nbd2 a5 8.a3 O-O 9.Rb1 a4
10.b4 axb3 11.Nxb3 Nbc6 12.Ne1 h6 13.Nc2 Qd6 14.Bd2 Be6 15.Bb4 Nxb4 16.axb4 c6
17.Nc5 Bc8 18.Ra1 Rxa1 19.Qxa1 b6 20.Nb3 Qc7 21.h3 Rd8 22.Qa2 Be6 23.Ra1 Rd7
24.Qa6 Kh7 25.Ra3 Nc8 26.Qa8 Na7 27.Ra6 Re7 28.Nd2 c5 29.bxc5 bxc5 30.Nb3 e4
31.Bxe4 Bxh3 32.Bf3 Be5 33.Kh2 Be6 34.Kg2 Bd6 35.Nd2 Kg7 36.Ne4 Be5 37.Nd2 Bf5
38.Nb3 Be6 39.Nd2 Rd7 40.Na3 Qb8 41.Qxb8 Bxb8 42.Ne4 Re7 43.Nxc5 Bc8 44.Rb6 Bc7
45.Rb3 Bd6 46.Ne4 Be5 47.Nd2 g5 48.e3 g4 49.Bd5 f5 50.Nc2 dxe3 51.fxe3 f4
52.exf4 Bxf4 53.Ne4 Bc7 54.Ne3 Be5 55.Nc2 Bc7 56.Bb7 Bd7 57.Ne3 Be5 58.Bd5 Bc8
59.Rb1 Rc7 60.Nc2 Nc6 61.Bxc6 Rxc6 62.Rb5 Bc7 63.Nb4 Rb6 64.Rc5 Be5 65.Rxe5 Rxb4
66.Rb5 Ra4 67.Rb2 Bf5 68.Nf2 Kf6 69.Rb6+ Ke5 70.Rxh6 Ra2 71.Rh5 Ke6 72.Kf1 Rc2
73.Rh6+ Ke5 74.Rh4 Kd4 75.Ke1 Ke3 76.Nd1+ Kf3 77.Rh5 Re2+ 78.Kf1 Bxd3  0-1

[Event "Petersburg Summer Rapid 2013"]
[Site "St Petersburg RUS"]
[Date "2013.08.31"]
[Round "3.10"]
[White "Lintchevski,D"]
[Black "Solovyov,V"]
[Result "1-0"]
[WhiteElo "2522"]
[BlackElo "2311"]

1.Nf3 d5 2.c4 c6 3.d4 Nf6 4.Nc3 a6 5.e3 Bf5 6.Bd2 e6 7.Nh4 Bg4 8.Qb3 Ra7
9.h3 Bh5 10.g4 Nfd7 11.Ng2 Bg6 12.Nf4 Bd6 13.Nxg6 hxg6 14.Bg2 Nf6 15.O-O-O Nbd7
16.Kb1 Be7 17.e4 dxe4 18.Nxe4 Nxe4 19.Bxe4 Qb6 20.Qc2 Ra8 21.Be3 c5 22.Qa4 Rd8
23.dxc5 Bxc5 24.Rxd7 Rxd7 25.Rd1 O-O 26.Qxd7 Bxe3 27.fxe3 Qxe3 28.Bxb7 Qxh3
29.c5 Qxg4 30.c6 Qe4+ 31.Qd3 Qb4 32.a3 Qb6 33.Qxa6  1-0

[Event "12th Kesarovski Mem"]
[Site "Sunny Beach BUL"]
[Date "2013.08.31"]
[Round "1.5"]
[White "Arnaudov,G"]
[Black "Codenotti,M"]
[Result "1-0"]
[WhiteElo "2494"]
[BlackElo "2370"]

1.Nf3 d5 2.c4 c6 3.g3 Bg4 4.Bg2 Nf6 5.Ne5 Be6 6.cxd5 Bxd5 7.Nf3 c5 8.Nc3 Bc6
9.O-O e6 10.d3 Be7 11.e4 Nbd7 12.Qe2 O-O 13.Rd1 b5 14.a4 b4 15.Nb1 a5 16.Nbd2 Nb6
17.b3 Qc7 18.Bb2 Nfd7 19.d4 Qb7 20.dxc5 Bxc5 21.Rac1 Rac8 22.Ne5 Qb8 23.Ndc4 Nxe5
24.Nxe5 Be8 25.Qa6 Qa8 26.Qxa8 Nxa8 27.Nd3  1-0

[Event "15th Trieste Open"]
[Site "Trieste ITA"]
[Date "2013.08.31"]
[Round "1"]
[White "Beletic,D"]
[Black "Ioffe,Ilya"]
[Result "1-0"]
[WhiteElo "2249"]
[BlackElo "1979"]

1.Nf3 d5 2.c4 c6 3.g3 Bf5 4.cxd5 cxd5 5.Qb3 Qc8 6.Nc3 e6 7.Bg2 Nf6 8.d3 Nc6
9.Bf4 Be7 10.O-O O-O 11.Rac1 Qd7 12.e4 dxe4 13.dxe4 Nxe4 14.Nxe4 Bxe4 15.Ne5 Qd5
16.Qxd5 Bxd5 17.Bxd5 exd5 18.Nxc6 bxc6 19.Rxc6 Bf6 20.b4 Rfe8 21.Rd1 d4 22.b5 Rad8
23.Rd3 Re2 24.Ra6 Re7 25.Kf1 h5 26.a4 Rc8 27.Rc6 Rce8 28.Bd2 Re6 29.Rxe6 Rxe6
30.a5 Kf8 31.Ra3 g6 32.Bh6+ Bg7 33.Bf4 Be5 34.b6 Bxf4 35.bxa7 Ra6 36.gxf4 Ke7
37.Ke2 Kd6 38.Kd3 Kc5 39.Ra2 Rxa7 40.a6 f6 41.Ra1 h4 42.h3 f5 43.Ra2 Kb6
44.Kxd4 Rd7+ 45.Ke5 Ka7 46.Kf6 Rd3 47.Kxg6 Rxh3 48.Kg5 Rf3 49.Kxh4 Rxf4+
50.Kg5 Rf3 51.Kf6 Rf4 52.Kg6 Rg4+ 53.Kxf5 Rg2 54.Kf4 Rh2 55.Kg3 Rh8 56.f4 Rg8+
57.Kf3 Rf8 58.Ra4  1-0

[Event "74th ch-ARM 1st League"]
[Site "Yerevan ARM"]
[Date "2013.08.31"]
[Round "10.5"]
[White "Gabuzyan,H"]
[Black "Petrosyan,M"]
[Result "1-0"]
[WhiteElo "2540"]
[BlackElo "2312"]

1.Nf3 d5 2.c4 e6 3.g3 Nf6 4.Bg2 Be7 5.O-O O-O 6.b3 a6 7.d4 b5 8.Nc3 bxc4
9.bxc4 dxc4 10.Ne5 Nd5 11.Nxd5 exd5 12.Nxc4 Nc6 13.Bf4 Bg4 14.Rc1 g5 15.Bxc7 Qxc7
16.Ne5 Bxe2 17.Rxc6 Qxe5 18.Qd2 Qf5 19.Qxe2 Bf6 20.Rd1 Rfe8 21.Qh5 Kg7 22.g4 Qf4
23.Bxd5 Bxd4 24.Rxd4 Qxd4 25.Qxg5+ Kh8 26.Rc4 Qa1+ 27.Kg2 Re1 28.Bxa8 Rg1+
29.Kf3 Qd1+ 30.Kf4 Qd6+ 31.Qe5+  1-0

[Event "67th Moscow Blitz 2013"]
[Site "Moscow RUS"]
[Date "2013.09.01"]
[Round "1"]
[White "Korotylev,A"]
[Black "Eliseev,U"]
[Result "1/2-1/2"]
[WhiteElo "2573"]
[BlackElo "2550"]

1.Nf3 d5 2.c4 dxc4 3.e3 Nf6 4.Bxc4 e6 5.O-O c5 6.Qe2 a6 7.Rd1 Nc6 8.d4 cxd4
9.exd4 Be7 10.Nc3 O-O 11.d5 exd5 12.Nxd5 Nxd5 13.Bxd5 Qc7 14.Bg5 Bxg5 15.Nxg5 Bf5
16.Rac1 Rad8 17.Qf3 Bg6 18.h4 Qe5 19.Bxc6 Rxd1+ 20.Rxd1 bxc6 21.Qxc6 h6 22.Nf3 Qxb2
23.Qxa6 Be4 24.Nh2 Ra8 25.Qc4 Bg6 26.a4 Qc2 27.Rd4 Qxc4 28.Rxc4 Bd3 29.Rc3 Ba6
30.Nf3 Bb7 31.Ra3 Bxf3 32.gxf3 Ra5 33.Kf1 Kh7 34.Ke2 Kg6 35.Kd3 Kh5 36.Kc4 Kxh4
37.Kb4 Ra8 38.a5 Kh3 39.f4+ Kg4 40.Rg3+ Kxf4 41.Rxg7 f5 42.Kb5 Kf3 43.Rf7 f4
44.a6 h5 45.a7 h4 46.Kb6 h3 47.Kb7 Rxa7+ 48.Kxa7 h2 49.Rh7 Kg2 50.Rg7+ Kxf2
51.Rh7 Kg2 52.Rg7+ Kh1 53.Rf7 f3 54.Kb6 Kg2 55.Rg7+ Kf2 56.Rh7 Kg3 57.Rg7+ Kf4
58.Rf7+ Ke3 59.Re7+ Kd3 60.Rd7+ Kc2 61.Rh7 Kd1 62.Rxh2 Ke1 63.Kc5 f2  1/2-1/2

[Event "67th Moscow Blitz 2013"]
[Site "Moscow RUS"]
[Date "2013.09.01"]
[Round "11"]
[White "Gunina,V"]
[Black "Kovalenko,I"]
[Result "0-1"]
[WhiteElo "2506"]
[BlackElo "2644"]

1.Nf3 d5 2.c4 e6 3.e3 Nf6 4.Nc3 Nbd7 5.b3 b6 6.Bb2 Bb7 7.Be2 a6 8.O-O Bd6
9.Qc2 O-O 10.cxd5 exd5 11.d4 Qe7 12.Rac1 Rac8 13.Bd3 Ne4 14.Qe2 Ra8 15.Bxe4 dxe4
16.Nd2 b5 17.a4 b4 18.Na2 a5 19.Nc4 Nf6 20.Rc2 Bd5 21.Nc1 Qe6 22.h3 h5 23.Qd2 Kh7
24.Ne2 g5 25.Qd1 Rg8 26.Ng3 h4 27.Nh5 Kh6 28.Nxd6 cxd6 29.Nxf6 Qxf6 30.Rc7 Qe6
31.g4 Rac8 32.Qc1 f5 33.Kh2 fxg4 34.hxg4 Qxg4 35.Rg1 Qf5 36.f3 Be6 37.Rg4 Qxf3  0-1

[Event "15th Trieste Open"]
[Site "Trieste ITA"]
[Date "2013.09.01"]
[Round "3"]
[White "Beletic,D"]
[Black "Jovanic,O"]
[Result "1/2-1/2"]
[WhiteElo "2249"]
[BlackElo "2519"]

1.Nf3 d5 2.c4 c6 3.g3 Nf6 4.Bg2 Bg4 5.Ne5 Be6 6.cxd5 Bxd5 7.Nf3 c5 8.Nc3 Bc6
9.O-O e6 10.a3 Nbd7 11.d3 Be7 12.Bd2 O-O 13.Qb1 a5 14.a4 Qb6 15.Ne1 Ne5 16.b3 Rfd8
17.Bxc6 Nxc6 18.Nc2 Nd5 19.Nb5 Rd7 20.Nca3 Qd8 21.Qd1 Nd4 22.Rc1 Nxb5 23.Nxb5 b6
24.Qc2 Bf6 25.Rfd1 Ne7 26.e3 Nf5 27.Bc3 Qe7 28.d4 cxd4 29.Nxd4 Bxd4 30.Bxd4 Nxd4
31.Rxd4 Rxd4 32.exd4 Rf8 33.Qc4 Qd6 34.b4 axb4 35.Rb1 Ra8 36.Rxb4 g6 37.Qb3 Ra6
38.Qb2 Qd5 39.Qc3 Qd7  1/2-1/2

[Event "17th Cesenatico Open"]
[Site "Cesenatico ITA"]
[Date "2013.09.02"]
[Round "3.3"]
[White "Roeder,M"]
[Black "Peric,Sl"]
[Result "1-0"]
[WhiteElo "2412"]
[BlackElo "2197"]

1.Nf3 d5 2.c4 d4 3.b4 g6 4.d3 Bg7 5.g3 e5 6.Nbd2 a5 7.b5 Ne7 8.Ba3 O-O 9.Bg2 Re8
10.O-O Nd7 11.Rb1 Nf5 12.Re1 Bf8 13.Bxf8 Kxf8 14.Qc2 Nc5 15.Ne4 Nxe4 16.dxe4 Ng7
17.e3 Bg4 18.exd4 Bxf3 19.Bxf3 Qxd4 20.Red1 Qb6 21.c5 Qf6 22.Bg4 Red8 23.c6 bxc6
24.bxc6 Ne6 25.Bxe6 Qxe6 26.Qc5+ Qe7 27.Rxd8+ Rxd8 28.Qxa5 Qd6 29.Kg2 Qxc6
30.Qxe5 Re8 31.Qh8+ Ke7 32.Qd4 Kf8 33.Rb4 Kg8 34.Rc4 Qd6 35.Qxd6 cxd6 36.a4 Ra8
37.Kf3 Ra5 38.Ke3 d5 39.exd5 Rxd5 40.Rc2 f5 41.Ra2 Ra5 42.Kd4 Kf7 43.Kc4 Kf6
44.Kb4 Ra8 45.f4 g5 46.fxg5+ Kxg5 47.a5 Kg4 48.Kb5 h5 49.Ra4+ Kg5 50.a6  1-0

[Event "TCh-SRB 1st League 2013"]
[Site "Kragujevac SRB"]
[Date "2013.09.02"]
[Round "10.6"]
[White "Pavlovic,G1"]
[Black "Todorovic,GM"]
[Result "1/2-1/2"]
[WhiteElo "2378"]
[BlackElo "2488"]

1.Nf3 d5 2.c4 e6 3.d4 Nf6 4.Nc3 c6 5.Bg5 h6 6.Bxf6 Qxf6 7.g3 Nd7 8.Bg2 dxc4
9.O-O Qd8 10.a4 Bb4 11.Qc2 O-O 12.Rfd1 Qe7 13.Nd2 e5 14.d5 Bxc3 15.Qxc3 cxd5
16.Bxd5 Nf6 17.Bg2 Bg4 18.Qxc4 Rac8 19.Qb5 e4 20.h3 a6 21.Qb3 Be6 22.Qe3 Bd5
23.Nf1 Rc2 24.Rd2 Rfc8 25.Rad1 Rxd2 26.Rxd2 Qb4 27.Qd4 Qxd4 28.Rxd4 Rc1 29.f3 exf3
30.Bxf3 Bxf3 31.exf3 Kf8 32.b4 Ke7 33.Kf2 Rc2+ 34.Ke1 Ke6 35.Ne3 Rb2 36.f4 Rh2
37.h4 h5 38.Kf1 g6 39.Ke1 Rb2 40.Kf1 Rb3 41.Kf2 b6 42.Ke1 b5 43.axb5 axb5
44.Kf2 Ng4+ 45.Nxg4 hxg4 46.Kg2 f6 47.Kf2 Rf3+ 48.Kg2 Rc3 49.Kf2 f5 50.Kg2 Rf3
51.Rd8 Rc3 52.Rd4 Rc2+ 53.Kg1 Rc1+ 54.Kf2 Rc2+ 55.Kf1 Rc1+ 56.Kf2 Rc2+ 57.Kg1 Rc6
58.Kf2 Ra6 59.Ke2 Rd6 60.Rxd6+ Kxd6  1/2-1/2

[Event "6th Sabadell Open"]
[Site "Sabadell ESP"]
[Date "2013.09.02"]
[Round "1.6"]
[White "Kjartansson,G"]
[Black "Pozanco Romasanta,M"]
[Result "1-0"]
[WhiteElo "2434"]
[BlackElo "2067"]

1.Nf3 d5 2.c4 e6 3.g3 Nf6 4.Bg2 c5 5.cxd5 exd5 6.d4 Nc6 7.O-O Bg4 8.Be3 Qb6
9.Nc3 c4 10.Ne5 Be6 11.Nxc4 dxc4 12.d5 Qxb2 13.dxc6 Qxc3 14.cxb7 Rb8 15.Bf4 Nd7
16.Bc6 Rxb7 17.Bxb7 Ba3 18.Bd6 Bxd6 19.Qxd6 Qe5 20.Qxe5 Nxe5 21.f4 Ng4 22.Rac1 O-O
23.e4 Rb8 24.Bd5 Ne3 25.Bxe6 Nxf1 26.Bxc4 Nd2 27.Bd5 Rb1 28.Rxb1 Nxb1 29.Kf2 Kf8
30.Ke3 Ke7 31.Kd3 Na3 32.Bc4 f6 33.Ba6 Kd6 34.Kc3 Kc5 35.Bd3 h6 36.e5 fxe5
37.fxe5  1-0

[Event "17th Cesenatico Open"]
[Site "Cesenatico ITA"]
[Date "2013.09.04"]
[Round "5.1"]
[White "Roeder,M"]
[Black "Lalic,B"]
[Result "1/2-1/2"]
[WhiteElo "2412"]
[BlackElo "2484"]

1.Nf3 d5 2.c4 dxc4 3.e3 Nf6 4.Bxc4 e6 5.O-O c5 6.d4 a6 7.dxc5 Qxd1 8.Rxd1 Bxc5
9.Be2 Nbd7 10.Nbd2 b6 11.Nc4 Ne4  1/2-1/2

[Event "12th Izmir Open"]
[Site "Izmir TUR"]
[Date "2013.09.04"]
[Round "9.5"]
[White "Darban,M"]
[Black "Ahmadinia,E"]
[Result "0-1"]
[WhiteElo "2358"]
[BlackElo "2381"]

1.Nf3 d5 2.c4 c6 3.b3 Nf6 4.Bb2 Bf5 5.e3 e6 6.Be2 h6 7.O-O Nbd7 8.d3 Be7
9.Nbd2 O-O 10.Qc2 Bh7 11.a3 a5 12.Bc3 b5 13.cxb5 cxb5 14.Qb2 b4 15.axb4 axb4
16.Bd4 Qc7 17.Rfc1 Rxa1 18.Qxa1 Qb7 19.Ne5 Nxe5 20.Bxe5 Rc8 21.Nf3 Bf8 22.h3 Nd7
23.Bd4 f6 24.Nd2 e5 25.Bb2 Nc5 26.Qb1 Ra8 27.Bf1 Bg6 28.Qc2 Ra2 29.Ra1 Rxa1
30.Bxa1 Qa6 31.Bb2 Bxd3 32.Qc1 Bxf1 33.Qxf1 Qe6 34.Qb5 Qf5 35.Qc6 Qd3  0-1

[Event "12th Izmir Open"]
[Site "Izmir TUR"]
[Date "2013.09.05"]
[Round "6.15"]
[White "Gokerkan,Cem Kaan"]
[Black "Keler,F"]
[Result "0-1"]
[WhiteElo "1920"]
[BlackElo "2250"]

1.Nf3 d5 2.c4 c6 3.d4 Nf6 4.Qc2 g6 5.Bf4 dxc4 6.Qxc4 Bg7 7.Nc3 O-O 8.e4 b5
9.Qd3 Qa5 10.Nd2 Be6 11.Be2 Rd8 12.O-O Ne8 13.Be3 a6 14.Rfd1 Nd7 15.Qc2 Qc7
16.Rac1 Nb6 17.d5 cxd5 18.exd5 Bf5 19.Qb3 Rac8 20.a4 Nxa4 21.Nxa4 bxa4 22.Qxa4 Qxc1
23.Rxc1 Rxc1+ 24.Nf1 Rc2 25.Qxa6 Nc7 26.Qb6 Rc8 27.Bf3 Rxb2 28.Qc5 Rb1 29.Be2 Bf6
30.d6 exd6 31.Qxd6 Be6 32.h3 Nd5 33.Kh2 Nxe3 34.Nxe3 Rb2 35.Bg4 Re8 36.Bxe6 Rxe6
37.Qg3 Be5 38.f4 Bb8 39.Qg5 h6 40.Qd8+ Kh7 41.Qd4 Rbb6 42.Nd5 Rbd6 43.Qc4 Rd7
44.Qb5 Rd8 45.Qb7 Kg8 46.h4 Red6 47.Ne7+ Kf8 48.Nc6 Rxc6 49.Qxc6 Bxf4+ 50.Kh3 Rd3+
51.Kg4 Bd6 52.Qa8+ Kg7 53.Qa1+ Kh7 54.Qe1 f5+  0-1

[Event "ch-POR 2013"]
[Site "Lisbon POR"]
[Date "2013.09.05"]
[Round "4.2"]
[White "Rocha,S"]
[Black "Santos,H"]
[Result "1-0"]
[WhiteElo "2408"]
[BlackElo "2235"]

1.Nf3 d5 2.c4 e6 3.g3 Nf6 4.Bg2 Be7 5.O-O O-O 6.d4 dxc4 7.Nbd2 Bd7 8.Nxc4 Bc6
9.Bf4 Bd5 10.Rc1 Na6 11.a3 c5 12.dxc5 Nxc5 13.b4 Nce4 14.Nfe5 Nd6 15.Na5 Bxg2
16.Kxg2 Nd5 17.Nd3 Nxf4+ 18.Nxf4 Bg5 19.Qd4 Qe7 20.Rc5 Bf6 21.Qd3 Rac8 22.Rfc1 Rxc5
23.Rxc5 g6 24.Qc2 Rb8 25.e3 Qe8 26.Nc4 Nxc4 27.Qxc4 Be7 28.Ra5 Bd8 29.Re5 Bf6
30.Ra5 Bd8 31.Rb5 a6 32.Re5 Bf6 33.Re4 Rc8 34.Qe2 Qb5 35.Qf3 Bg7 36.Ne2 Qd3
37.a4 Rc2 38.Nd4 Rc1 39.g4 Rc4 40.Rf4 Rc7 41.Ne2 e5 42.Re4 Rc2 43.Ng3 Ra2
44.a5 Ra1 45.g5 Rc1 46.Rh4 Qd7 47.Re4 Qd2 48.Rh4 Qd7 49.Rg4 Bf8 50.Ne4 Be7
51.Ng3 Qd1 52.Qxd1 Rxd1 53.Rc4 Bxg5 54.Rc7 Kf8 55.Rxb7 Rb1 56.Ne4 Be7 57.b5 axb5
58.a6 Ra1 59.a7 f5 60.Nc3 b4 61.Nd5 b3 62.Rb8+ Kf7 63.a8=Q b2 64.Qb7  1-0

[Event "Satka Autumn 2013"]
[Site "Satka RUS"]
[Date "2013.09.05"]
[Round "3"]
[White "Shnayder,V"]
[Black "Mirzoeva,E"]
[Result "0-1"]
[WhiteElo "1977"]
[BlackElo "2215"]

1.Nf3 d5 2.c4 e6 3.e3 Nf6 4.Nc3 c6 5.b3 Nbd7 6.Bb2 Bd6 7.d4 O-O 8.Bd3 b6
9.O-O Bb7 10.Qe2 c5 11.Nb5 Bb8 12.Ne5 a6 13.Na3 Qe7 14.f4 Ne4 15.Nxd7 Qxd7
16.dxc5 bxc5 17.Rf3 f5 18.Bxe4 fxe4 19.Rg3 d4 20.Qh5 Rf5 21.Rg5 Ba7 22.Rd1 Raf8
23.g4 Rxg5 24.Qxg5 e5 25.f5 Bb6 26.Qh4 Qf7 27.Qg3 Qf6 28.Rf1 h6 29.Nb1 Bd8
30.Bc1 Re8 31.Nd2 Qh4 32.Re1 Qxg3+ 33.hxg3 Ba5 34.Re2 Rd8 35.Nf1 Kf7 36.Bd2 Bb6
37.Bc1 Bc6 38.Rf2 Ba5 39.Bd2 Bxd2 40.Rxd2 Kf6 41.Kf2 Kg5 42.Nh2 a5 43.Ke2 Rh8
44.Ke1 Bd7 45.Re2 Bc6 46.Kd2 h5 47.gxh5 Rxh5 48.Rf2 Rh3 49.Nf1 Rh1 50.Ke2 Be8
51.g4 Rg1 52.f6 gxf6 53.Rf5+ Kg6 54.Rh5 Rg2+ 55.Ke1 Bd7 56.exd4 cxd4 57.Rh2 Rxh2
58.Nxh2 Kg5 59.c5 Kf4 60.Ke2 Bb5+ 61.Kf2 e3+  0-1

[Event "15th Trieste Open"]
[Site "Trieste ITA"]
[Date "2013.09.05"]
[Round "7"]
[White "Beletic,D"]
[Black "Trussevich,Sergey"]
[Result "1-0"]
[WhiteElo "2249"]
[BlackElo "2328"]

1.Nf3 d5 2.c4 e6 3.g3 c5 4.Bg2 Nc6 5.O-O Nf6 6.b3 Be7 7.e3 d4 8.exd4 Nxd4
9.Bb2 O-O 10.Re1 Qb6 11.Nxd4 cxd4 12.Qf3 Nd7 13.d3 Rd8 14.Na3 Bf6 15.Nc2 a5
16.Rab1 Ne5 17.Qd1 Nc6 18.a3 e5 19.Bc1 Be6 20.b4 axb4 21.Nxb4 Ne7 22.Bd2 Qc7
23.Nc2 Nc6 24.Rb5 Rdb8 25.Qf3 Bd7 26.Reb1 Be7 27.Qh5 g6 28.Qh6 Nd8 29.R5b2 Ra7
30.Nb4 Be6 31.Rb3 Rc8 32.Nd5 Bxd5 33.Bxd5 Bf8 34.Qh4 Rb8 35.Bg5 Ne6 36.Rb6 Nxg5
37.Qxg5 Bg7 38.h4 Kh8 39.h5 h6 40.Qg4 g5 41.Qf5 Kg8 42.a4 e4 43.Bxe4 Qe5
44.Qh7+ Kf8 45.R1b5 Qc7 46.Kg2 Ra6 47.Rxb7 Rxb7 48.Rxb7 Qe5 49.Rb5 Qc7 50.Bd5 Rf6
51.Qe4 Qd8 52.Rb7 Kg8 53.Ra7 Bf8 54.Rxf7 Rxf7 55.Qg6+ Bg7 56.Qxf7+ Kh8 57.a5 Qf8
58.Qe6 Qb8 59.a6 Be5 60.Qxh6+  1-0

[Event "TCh-ROU 2013"]
[Site "Mamaia ROU"]
[Date "2013.09.06"]
[Round "7.5"]
[White "Anton,T"]
[Black "Vioreanu,B"]
[Result "1/2-1/2"]
[WhiteElo "2442"]
[BlackElo "2408"]

1.Nf3 d5 2.c4 e6 3.g3 Nf6 4.Bg2 c6 5.Qc2 dxc4 6.Qxc4 b5 7.Qb3 a6 8.O-O Be7
9.Ne5 Bb7 10.a4 Qd6 11.Nf3 O-O 12.d4 c5 13.axb5 c4 14.Qd1 axb5 15.Rxa8 Bxa8
16.b3 cxb3 17.Qxb3 b4 18.Bf4 Qa6 19.Qb2 Nbd7 20.Ne5 Nxe5 21.Bxe5 Bxg2 22.Kxg2 Qc6+
23.Kg1 Rc8 24.Bxf6 gxf6 25.Nd2 Qc3 26.Rb1 Kf8 27.Nf3 Qxb2 28.Rxb2 Rc1+ 29.Kg2 Ke8
30.Nd2 Kd7 31.Nb3 Rc3 32.e3 Kc6 33.Kf3 Kb5 34.Nd2 h5 35.Ra2 Ra3 36.Rc2 Rc3
37.Ra2 Rc7 38.Ke2 f5 39.Ra8 Bd6 40.Rb8+ Ka6 41.Ra8+ Kb5 42.Rb8+ Ka6 43.Ra8+ Kb7
44.Rh8 Rc3 45.Rxh5 b3 46.Nxb3 Rxb3 47.Rh7 Kc6 48.Rxf7 Rb2+ 49.Kf1 Bb4 50.g4 fxg4
51.Rg7 Bd6 52.Kg2 Rb8 53.Rxg4 Rh8 54.h3 Kd5 55.Rg6 Be7 56.Rg7 Bh4 57.Rg4 Bf6
58.Rg6 Bh4 59.Rg4 Rh6 60.Rf4 Rg6+ 61.Rg4 Rh6 62.Rf4 Kc4 63.Rf7 Kd3 64.Kf3 Rg6
65.Rf4 Be7 66.Rf7 Bg5 67.Rf8 Rg7 68.Re8 Be7 69.Kf4 Bd6+ 70.Kf3 Be7 71.Kf4 Bd6+
72.Kf3  1/2-1/2

[Event "17th Cesenatico Open"]
[Site "Cesenatico ITA"]
[Date "2013.09.07"]
[Round "8.1"]
[White "Roeder,M"]
[Black "Zimina,O"]
[Result "1/2-1/2"]
[WhiteElo "2412"]
[BlackElo "2337"]

1.Nf3 d5 2.c4 c6 3.e3 Nf6 4.Nc3 e6 5.b3 Bd6 6.Qc2 e5 7.cxd5 cxd5 8.Nb5 Nc6
9.Nxd6+ Qxd6 10.Bb5 O-O 11.Bb2 Nb4 12.Qc1 Bd7 13.Bxe5 Qb6 14.Be2 Rac8 15.Bc3 Bb5
16.Qb2  1/2-1/2

[Event "Satka Autumn 2013"]
[Site "Satka RUS"]
[Date "2013.09.07"]
[Round "5"]
[White "Shnayder,V"]
[Black "Buldakova,Irina"]
[Result "1-0"]
[WhiteElo "1977"]
[BlackElo "1719"]

1.Nf3 d5 2.c4 e6 3.g3 Nf6 4.Bg2 g6 5.b3 Bg7 6.Bb2 O-O 7.d4 c6 8.Nbd2 Nbd7
9.O-O b6 10.Qc2 Bb7 11.e4 dxe4 12.Nxe4 Qc7 13.Nxf6+ Nxf6 14.Rad1 Rad8 15.Rfe1 c5
16.dxc5 Qxc5 17.Bd4 Qe7 18.c5 Nd5 19.Bxg7 Kxg7 20.c6 Ba8 21.Ne5 Qc7 22.Nd7 Rxd7
23.Qb2+ Kg8 24.cxd7 Qxd7 25.Qe5 Rc8 26.Rc1 Nb4 27.Rxc8+ Qxc8 28.Rd1 Bxg2
29.Kxg2 Nd5 30.Rd4 b5 31.h4 a6 32.h5 f6 33.Qd6 gxh5 34.Rh4 Kf7 35.Rxh5 Kg6
36.Rh4 Qb7 37.Kh2 Qc8 38.Rg4+ Kf7 39.Re4 Nc3 40.Rh4 Kg6 41.Qe7  1-0

[Event "TCh-SUI 2013"]
[Site "Switzerland SUI"]
[Date "2013.09.07"]
[Round "6.4"]
[White "Vezzosi,P"]
[Black "Hort,V"]
[Result "1-0"]
[WhiteElo "2274"]
[BlackElo "2447"]

1.Nf3 d5 2.c4 d4 3.b4 g6 4.e3 dxe3 5.fxe3 Bg7 6.d4 e5 7.Bb2 exd4 8.Bxd4 Nf6
9.Be2 Nc6 10.Nc3 Nxd4 11.exd4 Ng4 12.Qd2 O-O 13.Nd1 Re8 14.O-O a5 15.b5 Bh6
16.Qb2 Bf5 17.h3 Ne3 18.Nxe3 Bxe3+ 19.Kh1 Qd6 20.Rad1 Rad8 21.Bd3 Bc8 22.c5 Qg3
23.Bc4 Bf5 24.Qb3 Re7 25.Bxf7+ Rxf7 26.Ne5 Rf8 27.Nxf7  1-0

[Event "Linares Femenin Int 2013"]
[Site "Linares ESP"]
[Date "2013.09.08"]
[Round "1.5"]
[White "Aranaz Murillo,A"]
[Black "Guramishvili,S"]
[Result "1/2-1/2"]
[WhiteElo "2262"]
[BlackElo "2431"]

1.Nf3 d5 2.c4 d4 3.g3 Nc6 4.Bg2 e5 5.O-O Nf6 6.d3 a5 7.b3 Be7 8.Na3 Nd7 9.Nc2 Nc5
10.Rb1 O-O 11.a3 Re8 12.b4 axb4 13.axb4 Na4 14.Bd2 Bf8 15.b5 Nb8 16.Ra1 Nb6
17.Rxa8 Nxa8 18.Qa1 Nb6 19.Qa7 N8d7 20.Bb4 Bxb4 21.Nxb4 Qe7 22.Nd5 Nxd5 23.cxd5 Nb6
24.Rc1 Qb4 25.Rxc7 Nxd5 26.Qc5 Qb1+ 27.Qc1 Qxc1+ 28.Rxc1 Nc3 29.Kf1 b6 30.Nd2 Bg4
31.f3 Bd7 32.Nc4 Bxb5 33.Nxb6 f6 34.Bh3 Bc6 35.Bd7 Bxd7 36.Nxd7 Ra8 37.Nc5 Ra2
38.Re1 Kf7 39.Kf2 f5 40.g4 g6 41.Nd7 Ra5 42.gxf5 gxf5 43.Nb6 Ke6 44.Nc4 Ra2
45.Kf1 Kd5 46.Nb6+ Ke6 47.Nc4 h5 48.h4 e4 49.fxe4 fxe4 50.dxe4 Nxe4 51.Kg2 Rc2
52.Na3 Rc5 53.Kf3 Nd6 54.Rd1 Nf5 55.Nb1 Nxh4+ 56.Kf2 Nf5 57.Nd2 Ne3 58.Ra1 Ng4+
59.Kg3 Nf6 60.Ra6+ Ke7 61.Rxf6 Rc2 62.Rh6 Rxd2 63.Kf3 d3 64.exd3 Rxd3+ 65.Ke4  1/2-1/2

[Event "ch-POR 2013"]
[Site "Lisbon POR"]
[Date "2013.09.08"]
[Round "9.1"]
[White "Dias,P"]
[Black "Damaso,R"]
[Result "1/2-1/2"]
[WhiteElo "2408"]
[BlackElo "2377"]

1.Nf3 d5 2.c4 e6 3.cxd5 exd5 4.d4 c6 5.Nc3 Nf6 6.Bf4 Bd6 7.Bxd6 Qxd6 8.e3 Bf5
9.Bd3 Bxd3 10.Qxd3 Nbd7 11.O-O O-O  1/2-1/2

[Event "TCh-ROU 2013"]
[Site "Mamaia ROU"]
[Date "2013.09.08"]
[Round "9.1"]
[White "Jianu,V"]
[Black "Cioara,A"]
[Result "1/2-1/2"]
[WhiteElo "2550"]
[BlackElo "2462"]

1.Nf3 d5 2.c4 c6 3.e3 Nf6 4.d4 Bg4 5.Qb3 Qb6 6.Nc3 Bxf3 7.gxf3 e6 8.Bd2 Nbd7
9.O-O-O Qxb3 10.axb3 g6 11.e4 Bg7 12.Be2 O-O 13.Be3 Rfd8 14.h4 a6 15.e5 Ne8
16.h5 b5 17.hxg6 hxg6 18.c5 Nb8  1/2-1/2

[Event "TCh-SUI 2013"]
[Site "Switzerland SUI"]
[Date "2013.09.08"]
[Round "7.2"]
[White "Moor,R"]
[Black "Godena,M"]
[Result "0-1"]
[WhiteElo "2382"]
[BlackElo "2518"]

1.Nf3 d5 2.c4 dxc4 3.e4 Bg4 4.Bxc4 e6 5.Qb3 Bxf3 6.gxf3 Nd7 7.Qxb7 Rb8 8.Qc6 Bd6
9.Bb5 Nf6 10.d4 O-O 11.Bg5 e5 12.d5 Nc5  0-1

[Event "Linares Femenin Int 2013"]
[Site "Linares ESP"]
[Date "2013.09.09"]
[Round "3.5"]
[White "Guramishvili,S"]
[Black "Daulyte,D"]
[Result "1-0"]
[WhiteElo "2431"]
[BlackElo "2371"]

1.Nf3 d5 2.c4 d4 3.e3 Nc6 4.d3 e5 5.exd4 exd4 6.a3 a5 7.Be2 Bd6 8.Nbd2 f5
9.b3 Nce7 10.Nxd4 Be5 11.Nc2 Bxa1 12.Nxa1 Qd4 13.Nc2 Qc3 14.O-O c5 15.d4 cxd4
16.Nf3 d3 17.Bxd3 Nf6 18.Ncd4 Nfg8  1-0

[Event "ch-Vienna State 2013"]
[Site "Vienna AUT"]
[Date "2013.09.10"]
[Round "4.2"]
[White "Fauland,A"]
[Black "Froewis,G"]
[Result "1/2-1/2"]
[WhiteElo "2439"]
[BlackElo "2428"]

1.Nf3 d5 2.c4 c6 3.e3 Nf6 4.Nc3 e6 5.b3 Bd6 6.Bb2 O-O 7.d4 Nbd7 8.Be2 Qe7
9.O-O Re8 10.h3 b6 11.Rc1 Bb7 12.Rc2 Rad8 13.Qa1 Bb8 14.a4 e5 15.cxd5 cxd5
16.Nb5 e4 17.Nd2 Rc8 18.Rfc1 Rxc2 19.Rxc2 Rc8 20.Rxc8+ Bxc8 21.Ba3 Qe6 22.Qc3 Nf8
23.Nc7 Qd7 24.Na6 Bxa6 25.Bxa6 Bd6 26.Bxd6 Qxd6 27.b4 g6 28.Bc8 Ne8 29.Nb1 Nc7
30.b5 Nfe6 31.Bxe6 Nxe6 32.Qc8+ Kg7 33.Nc3 Qc7 34.Qxc7 Nxc7 35.Kf1 f5 36.Na2  1/2-1/2

[Event "Mohamed Slama Mem 2013"]
[Site "Monastir TUN"]
[Date "2013.09.12"]
[Round "6.9"]
[White "Boulkrouche,Y"]
[Black "Hergli,A"]
[Result "1/2-1/2"]
[WhiteElo "2039"]
[BlackElo "2142"]

1.Nf3 d5 2.c4 e6 3.g3 g6 4.Bg2 Bg7 5.O-O Ne7 6.d4 O-O 7.Nbd2 b6 8.Re1 Bb7
9.cxd5 exd5 10.b3 Nd7 11.Bb2 Nf5 12.e3 Re8 13.Rc1 Nd6 14.Qc2 Rc8 15.h4 c5
16.dxc5 Bxb2 17.Qxb2 Nxc5 18.Bf1 Qd7 19.Kh2 Nde4 20.Nxe4 dxe4 21.Ng1 Rcd8
22.Red1 Qe7 23.Rxd8 Rxd8 24.Rc2 Nd3 25.Qb1 Ne5 26.Qc1 Nd3 27.Qb1 Ne5 28.Be2 Bc8
29.Qc1 Bg4 30.Bxg4 Nxg4+ 31.Kg2 Qf6 32.Qf1 h5 33.Qe2 Qd6 34.Nh3 Qd3 35.Qxd3 exd3
36.Rd2 Ne5 37.e4 Rc8 38.f4 Ng4 39.Rxd3 Rc2+ 40.Kg1 Rc1+ 41.Kg2 Rc2+ 42.Kg1 Rxa2
43.Ng5 Ra1+ 44.Kg2 Ra2+ 45.Kf1 Ra1+ 46.Ke2 Ra2+ 47.Ke1 f6 48.Rd8+ Kg7 49.Rd7+ Kg8
50.Rd8+ Kg7 51.Rd7+ Kg8 52.Rd8+ Kg7  1/2-1/2

[Event "Faergen Cup 2013"]
[Site "Allinge DEN"]
[Date "2013.09.14"]
[Round "7.13"]
[White "Wihlborn,B"]
[Black "Christiansen,Ni"]
[Result "1-0"]
[WhiteElo "1811"]
[BlackElo "1669"]

1.Nf3 d5 2.c4 e6 3.d4 Nf6 4.Nc3 Nbd7 5.e3 c5 6.cxd5 exd5 7.Ne5 cxd4 8.exd4 Bb4
9.Bd2 O-O 10.Bd3 Re8 11.f4 Nxe5 12.fxe5 Bg4 13.Qc2 Bxc3 14.bxc3 g6 15.Bg5 Qb6
16.Rb1 Qe6 17.h3 Bf5 18.Bxf5 gxf5 19.Bxf6 Qxf6 20.O-O Qh6 21.Rxb7 Qe3+ 22.Kh1 f4
23.Qf5 Rf8 24.Qg5+ Kh8 25.Qf6+ Kg8 26.Rxf4 Qd3 27.Rg4+ Qg6 28.Rxg6+ fxg6
29.Qe6+  1-0

[Event "TCh-CRO 2a Liga 2013"]
[Site "Bol CRO"]
[Date "2013.09.14"]
[Round "1.3"]
[White "Vlaic,B"]
[Black "Rubil,M"]
[Result "0-1"]
[WhiteElo "2219"]
[BlackElo "2221"]

1.Nf3 d5 2.c4 dxc4 3.e3 g6 4.Bxc4 Bg7 5.O-O e5 6.d4 Nc6 7.Nxe5 Nxe5 8.dxe5 Qxd1
9.Rxd1 Bxe5 10.Nc3 Nf6 11.e4 O-O 12.f3 a6 13.Be3 Re8 14.Rd2 Be6 15.Bxe6 Rxe6
16.Na4 b6 17.Rad1 Kf8 18.g4 Ke8 19.h3 c5 20.b4 cxb4 21.Bxb6 Bf4 22.Rd8+ Rxd8
23.Rxd8+ Ke7 24.Rd3 Nd7 25.Ba5 Bd6 26.Rb3 Ne5 27.Bb6 Nc4 28.Bd4 Kd7 29.Nb2 Nxb2
30.Rxb2 Kc6 31.Kf2 Kb5 32.Ke3 g5 33.Kd3 Rh6 34.e5 Bc5 35.Rh2 a5 36.Bb2 Bg1
37.Rh1 Bb6 38.Ke4 Rc6 39.Rh2 a4 40.Kf5 Be3 41.h4 gxh4 42.Rxh4 Rc2 43.Ba1 Rxa2
44.Rxh7 Rxa1 45.Rxf7 Re1 46.Rb7+ Kc4 47.e6 a3 48.e7 Bc5 49.g5 a2  0-1